[Event "Gibraltar Open"]
[Site "Caleta ENG"]
[Date "2012.01.29"]
[Round "6.125"]
[White "Groffen,H"]
[Black "Kazmierczak,Ewa"]
[Result "1-0"]
[WhiteElo "2204"]
[BlackElo "1477"]

1.d4 d5 2.c4 dxc4 3.e4 c5 4.d5 Nf6 5.Nc3 e6 6.Bxc4 exd5 7.exd5 a6 8.a4 Bd6
9.Nf3 Bg4 10.h3 Bxf3 11.Qxf3 O-O 12.O-O Nbd7 13.Qd1 Re8 14.Re1 h6 15.Bd2 Nb6
16.Ba2 Qc7 17.Qf3 Nbd7 18.Rad1 Rad8 19.Nb1 b5 20.axb5 axb5 21.Na3 Qb7 22.Bf4 Bxf4
23.Rxe8+ Rxe8 24.Qxf4 c4 25.d6 Qc6 26.Bb1 Qb7 27.Kf1 Qc6 28.Bf5 Qc5 29.Bxd7 Nxd7
30.Qd4 Qc6 31.Qd5 Qb6 32.Nxb5 Re5 33.Qa8+ Kh7 34.Rd5 f6 35.Rxe5 fxe5 36.Qe4+ g6
37.Qxc4 Kg7 38.Kg1 g5 39.Qd5 Kf6 40.Nc7 Kg7 41.Qe6 Qc6 42.Ne8+ Kf8 43.Qe7+  1-0

[Event "Moscow Open Women 2012"]
[Site "Moscow RUS"]
[Date "2012.01.31"]
[Round "4"]
[White "Atalik,E"]
[Black "Shaidullina,S"]
[Result "1-0"]
[WhiteElo "2481"]
[BlackElo "2215"]

1.d4 d5 2.c4 dxc4 3.e4 Nc6 4.Nf3 Bg4 5.Bxc4 e6 6.d5 exd5 7.Bxd5 Bb4+ 8.Bd2 Bxd2+
9.Nbxd2 Nf6 10.Bxc6+ bxc6 11.Qc2 O-O 12.O-O Rb8 13.b3 Re8 14.e5 Nd7 15.Rfe1 c5
16.h3 Bh5 17.g4 Bg6 18.Qc3 Rb6 19.Nc4 Rbe6 20.Rad1 Qe7 21.Qd2 Nb6 22.Ne3 c6
23.Kh2 Qc7 24.Nf5 f6 25.Qc3 fxe5 26.Ng5 Bxf5 27.gxf5 Rf6 28.Ne6 Qf7 29.Rxe5 Nd5
30.Qg3 g6 31.Rde1 Rc8 32.Ng5 Qd7 33.Ne4 Rf7 34.fxg6 hxg6 35.Nxc5 Qd8 36.Qxg6+ Rg7
37.Re8+ Qxe8 38.Rxe8+ Rxe8 39.Qxe8+ Kh7 40.Qxc6 Rg5 41.Ne4 Re5 42.Qxd5  1-0

[Event "Moscow Open 2012 A"]
[Site "Moscow RUS"]
[Date "2012.01.31"]
[Round "4.71"]
[White "Rozanov,P"]
[Black "Heydarli,K"]
[Result "1-0"]
[WhiteElo "2223"]
[BlackElo "2376"]

1.d4 d5 2.c4 dxc4 3.e4 c5 4.d5 Nf6 5.Nc3 e6 6.Bxc4 exd5 7.Nxd5 Nxd5 8.Bxd5 Bd6
9.Ne2 Na6 10.Qa4+ Bd7 11.Qc4 b5 12.Bxf7+ Kf8 13.Qd5 Bg4 14.Bh5 Bxh5 15.Qxh5 Qf6
16.O-O Re8 17.Ng3 Nb4 18.Be3 g6 19.Qe2 a6 20.f4 Qe7 21.e5 Qe6 22.Ne4 Be7
23.Bxc5 Kg7 24.Bxe7 Rxe7 25.a3 Nd5 26.g3 Rc8 27.Rac1 Rec7 28.Rxc7+ Rxc7 29.Nd6 Rc6
30.f5 gxf5 31.Nxf5+ Kh8 32.Nd4 Qe8 33.Nxc6 Qxc6 34.Qf2  1-0

[Event "Moscow Open Women 2012"]
[Site "Moscow RUS"]
[Date "2012.01.31"]
[Round "4.39"]
[White "Grigoryeva,O2"]
[Black "Alieva,A"]
[Result "1-0"]
[WhiteElo "2146"]
[BlackElo "1902"]

1.d4 d5 2.c4 dxc4 3.e4 e5 4.Nf3 Bg4 5.Bxc4 Nf6 6.Qb3 Qe7 7.Nxe5 Qb4+ 8.Nc3 Qxb3
9.Bxb3 Be6 10.d5 Bd7 11.d6 Bxd6 12.Nxf7 Rf8 13.e5 Rxf7 14.Bxf7+ Kxf7 15.exd6 cxd6
16.Bf4 d5 17.O-O Nc6 18.Rfd1 Be6 19.Nb5 Nh5 20.Bg5 Kg6 21.Nc7  1-0

[Event "Moscow Open D 2012"]
[Site "Moscow RUS"]
[Date "2012.01.31"]
[Round "4"]
[White "Grigoryan,Av"]
[Black "Stukopin,A"]
[Result "1-0"]
[WhiteElo "2621"]
[BlackElo "2460"]

1.d4 d5 2.c4 dxc4 3.e4 e5 4.Nf3 Bb4+ 5.Nc3 exd4 6.Nxd4 Ne7 7.a3 Nbc6 8.axb4 Qxd4
9.Be3 Qxd1+ 10.Kxd1 Be6 11.b5 Ne5 12.Kc2 f6 13.f4 Nd7 14.Ra4 a6 15.Bxc4 Bxc4
16.Rxc4 c6 17.Ra1 Kf7 18.bxa6 Rxa6 19.Rxa6 bxa6 20.Rd4 Rd8 21.Na4 Ke8 22.Rb4 Rb8
23.Rxb8+ Nxb8 24.Nc5 f5 25.Kd3 g6 26.Bd4 fxe4+ 27.Kxe4 Nd5 28.Be5 Nd7 29.Nxa6 Ke7
30.g4 Ke6 31.f5+ gxf5+ 32.gxf5+ Ke7 33.Nb8 Nxb8 34.Bxb8 Nf6+ 35.Kf4 Ng8 36.Kg5 Nf6
37.Be5 Nd7 38.Bd4 Kf7 39.f6 Nf8 40.Kf5 Ne6 41.Bc3 Nc7 42.Bd4 Nd5 43.Ke5 Nc7
44.b4 Ne8 45.Bc5 h6  1-0

[Event "17th HIT Open A"]
[Site "Nova Gorica SLO"]
[Date "2012.02.01"]
[Round "8"]
[White "Titan,M"]
[Black "Bratkovic,Jakob"]
[Result "1-0"]
[WhiteElo "2097"]
[BlackElo "1880"]

1.d4 d5 2.c4 dxc4 3.e4 Nf6 4.e5 Nd5 5.Bxc4 Nb6 6.Bd3 Nc6 7.Ne2 Bg4 8.f3 Bh5
9.Nbc3 e6 10.Be4 Qd7 11.O-O O-O-O 12.Be3 f5 13.Bd3 a6 14.a4 h6 15.a5 Nd5
16.Nxd5 Qxd5 17.Nf4 Qd7 18.Nxh5 g5 19.Nf6 Qg7 20.Bc4 Nxe5 21.Bxe6+ Kb8 22.Qb3 Qxf6
23.dxe5 Qxe5 24.Bf2 Bd6 25.g3 f4 26.Bd5 Bb4 27.Bxb7 fxg3 28.hxg3 Qd6 29.Be4 h5
30.Rad1  1-0

[Event "Moscow Open 2012 A"]
[Site "Moscow RUS"]
[Date "2012.02.02"]
[Round "6.72"]
[White "Rozanov,P"]
[Black "Dimukhametov,A"]
[Result "1/2-1/2"]
[WhiteElo "2223"]
[BlackElo "2327"]

1.d4 d5 2.c4 dxc4 3.e4 e5 4.Nf3 exd4 5.Bxc4 Nc6 6.O-O Bc5 7.Ng5 Nh6 8.Nxf7 Nxf7
9.Bxf7+ Kxf7 10.Qh5+ g6 11.Qxc5 Qe7 12.Qxe7+ Nxe7 13.b4 Rd8 14.Bf4 Bg4 15.f3 Be6
16.Bxc7 Rd7 17.Bf4 a5 18.bxa5 Rxa5 19.Rf2 Nc6 20.Rb2 Ra4 21.a3 d3 22.Be3 Rc4
23.Nd2 Rc2 24.Rab1 Na5 25.Rb5 Nc4 26.Nxc4 Bxc4 27.Rxb7 Rxb7 28.Rxb7+ Ke6
29.Rxh7 Re2 30.Bf4 d2 31.Bxd2 Rxd2 32.h4 Ra2 33.h5 gxh5 34.Rxh5 Rxa3 35.Rc5 Ba6
36.Kf2 Ra2+ 37.Ke3 Be2 38.Rc6+ Kf7 39.Rd6 Bf1 40.g4 Bg2 41.Rd3 Bf1 42.Rc3 Be2
43.Kf4 Rd2 44.Kf5 Rd7 45.g5 Kg7 46.g6 Bd3 47.Kg5 Bb1 48.Rc6 Re7 49.Kf5 Bd3
50.Rd6 Bc2 51.Rd2 Rc7 52.Rd5 Bb1 53.Re5 Rc3 54.Re7+ Kf8 55.Rf7+ Kg8 56.Kg5 Rc5+
57.Kh6 Rc8 58.Rg7+ Kh8 59.Re7 Kg8 60.f4 Kf8 61.Re6 Rc3 62.f5 Rg3 63.f6 Rg1
64.g7+ Kf7 65.Rb6  1/2-1/2

[Event "Moscow Open 2012 A"]
[Site "Moscow RUS"]
[Date "2012.02.03"]
[Round "7.15"]
[White "Khairullin,I"]
[Black "Tarlev,K"]
[Result "1-0"]
[WhiteElo "2638"]
[BlackElo "2523"]

1.d4 d5 2.c4 dxc4 3.e4 b5 4.a4 c6 5.Nc3 b4 6.Nb1 Ba6 7.Qc2 Nf6 8.Nd2 Qxd4
9.Ngf3 b3 10.Nxd4 bxc2 11.f3 e5 12.Nxc2 c3 13.bxc3 Bxf1 14.Rxf1 Na6 15.Nc4 Nd7
16.Be3 f6 17.Na5 c5 18.Na3 Bd6 19.Nb5 Ke7 20.Rd1 Bc7 21.Nc6+ Ke6 22.f4 exf4
23.Bxf4 Ne5 24.Bxe5 fxe5  1-0

[Event "Moscow Open 2012 A"]
[Site "Moscow RUS"]
[Date "2012.02.03"]
[Round "7.21"]
[White "Gavrilov,Al1"]
[Black "Vorobiov,E"]
[Result "0-1"]
[WhiteElo "2498"]
[BlackElo "2589"]

1.d4 d5 2.c4 dxc4 3.e4 Nc6 4.Be3 Nf6 5.Nc3 e5 6.d5 Na5 7.Nf3 Bd6 8.Nd2 Ng4
9.Qf3 O-O 10.Bxc4 f5 11.exf5 Bxf5 12.Qe2 e4 13.O-O-O Ne5 14.h3 Bg6 15.Kb1 a6
16.Ka1 Naxc4 17.Nxc4 Nxc4 18.Qxc4 b5 19.Qb3 Rb8 20.Ne2 a5 21.Nd4 a4 22.Qc2 Qf6
23.Nc6 Ra8 24.Qc3 a3 25.Qxf6 Rxf6 26.Rd2 Bf7 27.Rhd1 b4 28.Bg5 Rg6 29.Ne7+ Bxe7
30.Bxe7 axb2+ 31.Kxb2 Rxg2 32.Bxb4 Rh2 33.a3 Rxh3 34.Rc1 Rh5 35.Rxc7 Rxd5
36.Re2 Re8 37.Re7 Rxe7 38.Bxe7 h5 39.a4 Rd4 40.Ka3 Be8 41.a5 Bb5 42.Re1 Kf7
43.Bg5 Rd5 44.Bf4 g5 45.Bc7 Bd3 46.Rg1 h4 47.Kb4 Rb5+ 48.Ka4 Rf5 49.Bb6 Kg6
50.Rh1 Kh5 51.Kb4 Kg4 52.Kc3 Kf3 53.Rg1 g4 54.Re1 Kg2 55.a6 Bxa6 56.Rxe4 Rf3+
57.Kd2 Bc8 58.Re8 Bf5 59.Ke1 h3  0-1

[Event "Moscow Open A 2012"]
[Site "Moscow RUS"]
[Date "2012.02.05"]
[Round "9"]
[White "Bartel,Mat"]
[Black "Eliseev,U"]
[Result "0-1"]
[WhiteElo "2658"]
[BlackElo "2435"]

1.d4 d5 2.c4 dxc4 3.e4 e5 4.Nf3 exd4 5.Bxc4 Nc6 6.O-O Be6 7.Nbd2 Nf6 8.e5 Bxc4
9.Nxc4 Ne4 10.Re1 Nc5 11.Bg5 Qd5 12.Rc1 h6 13.Bd2 Be7 14.Qc2 O-O 15.b4 Ne6
16.a3 Rfd8 17.Qf5 b5 18.Nb2 a5 19.Qc2 axb4 20.Qxc6 Qxc6 21.Rxc6 bxa3 22.Nd3 Ra4
23.Ra1 g5 24.h3 Rda8 25.Kf1 R8a6 26.Rxa6 Rxa6 27.Bb4 Bxb4 28.Nxb4 Ra4 29.Nc6 Rc4
30.Na5 Rc3 31.Nd2 b4 32.g3 d3 33.Ke1 Nd4 34.Kd1 Nc2 35.Ra2 Rc5 36.Ndc4 b3
37.Nxb3 Rxc4 38.Nc1 Rd4 39.Kd2 c5  0-1

[Event "11th Aeroflot Open B"]
[Site "Moscow RUS"]
[Date "2012.02.07"]
[Round "1"]
[White "Romanko,M"]
[Black "Kotanjian,T"]
[Result "0-1"]
[WhiteElo "2389"]
[BlackElo "2533"]

1.d4 d5 2.c4 dxc4 3.e4 e5 4.Nf3 exd4 5.Bxc4 Nc6 6.O-O Bc5 7.b4 Bxb4 8.Qb3 Qe7
9.Bg5 f6 10.Bd2 Nh6 11.Bb5 Bd6 12.Nxd4 Bd7 13.Bxc6 bxc6 14.Bxh6 gxh6 15.Nd2 Qf7
16.Qe3 Qh5 17.f4 O-O 18.Rac1 Bc5 19.Kh1 Bb6 20.f5 Rae8 21.Qd3 Rd8 22.N4b3 Kh8
23.Nc5 Rg8 24.Qf3 Qxf3 25.gxf3 Be8 26.Ndb3 Bh5 27.Rc3 Bxc5 28.Nxc5 Rd2 29.Rg1 Rxa2
30.Rxg8+ Kxg8 31.Kg1 a5 32.f4 a4 33.Rd3 a3 34.Ne6 Ra1+ 35.Kg2 a2 36.Ra3 Be2
37.Ra8+ Kf7 38.Nd8+ Ke7 39.Nxc6+ Kd7 40.Nb8+ Kd6 41.e5+ fxe5 42.f6 Bf1+  0-1

[Event "11th Aeroflot Open B"]
[Site "Moscow RUS"]
[Date "2012.02.07"]
[Round "1"]
[White "Gavrilov,Al1"]
[Black "Tonoian,A"]
[Result "1-0"]
[WhiteElo "2498"]
[BlackElo "2374"]

1.d4 d5 2.c4 dxc4 3.e4 e5 4.Nf3 exd4 5.Bxc4 Nc6 6.O-O Be6 7.Nbd2 Bc5 8.Bxe6 fxe6
9.Qb3 Qd7 10.Nc4 Nf6 11.Nfe5 Nxe5 12.Nxe5 Qe7 13.Qxb7 O-O 14.Nd3 Bb6 15.Bg5 Qd7
16.Bxf6 gxf6 17.Rac1 Rae8 18.Qc6 Qg7 19.f4 Kh8 20.Rf3 Rg8 21.Rg3 Qf7 22.Rxg8+ Rxg8
23.b4 Qg6 24.g3 Qf7 25.Kf2 h5 26.Rg1 Kh7 27.Qc2 a5 28.b5 Qg6 29.Qe2 a4 30.h3 e5
31.Qf3 exf4 32.Qxf4 Qg5 33.Rb1 h4 34.Qxh4+ Qxh4 35.gxh4 Re8 36.Kf3 Kg6 37.Rb4 Kf7
38.Rxa4 f5 39.e5 Rh8 40.Kg3 Rg8+ 41.Kf4 Ke6 42.Rc4 Kd5 43.Rc6 Ba5 44.Kxf5 Rf8+
45.Rf6 Rh8 46.a4 Kc4 47.Nf2 d3 48.e6 Bb4 49.Rf7 d2 50.Rxc7+ Kd4 51.b6 Rf8+
52.Rf7 Rb8 53.Ne4 Ke3 54.Nxd2 Kxd2 55.Rd7+ Kc3 56.e7 Bxe7 57.Rxe7 Rxb6 58.h5 Ra6
59.Re6  1-0

[Event "11th Aeroflot Open B"]
[Site "Moscow RUS"]
[Date "2012.02.08"]
[Round "2"]
[White "Tonoian,A"]
[Black "Guliyev,N"]
[Result "0-1"]
[WhiteElo "2374"]
[BlackElo "2545"]

1.d4 d5 2.c4 dxc4 3.e4 b5 4.a4 c6 5.axb5 cxb5 6.Nc3 Bd7 7.Nf3 e6 8.Be2 Bb4
9.O-O Nf6 10.Bg5 h6 11.Bxf6 Qxf6 12.Ne5 Qd8 13.d5 Bxc3 14.bxc3 Qc7 15.f4 O-O
16.Kh1 a6 17.Qd4 exd5 18.exd5 Qd6 19.Rae1 Bf5 20.g4 Bc2 21.f5 Nd7 22.Nxd7 Qxd7
23.f6 Rfe8 24.Bf3 Bd3 25.Rg1 gxf6 26.Qxf6 Rxe1 27.Rxe1 Re8 28.Re5 Qd8 29.Qf4 Rxe5
30.Qxe5 Qg5 31.Qe8+ Kg7 32.Kg2 b4 33.d6 bxc3 34.d7 c2 35.d8=Q Qxd8 36.Qxd8 c1=Q
37.Qd4+ Kg8 38.Qd8+ Kh7 39.Qf6 Qf1+ 40.Kg3 Qg1+ 41.Bg2 Qe1+ 42.Kh3 Bg6  0-1

[Event "11th Aeroflot Open B"]
[Site "Moscow RUS"]
[Date "2012.02.10"]
[Round "4"]
[White "Filipenko,A"]
[Black "Guliyev,N"]
[Result "0-1"]
[WhiteElo "2351"]
[BlackElo "2545"]

1.d4 d5 2.c4 dxc4 3.e4 b5 4.a4 c6 5.Nc3 b4 6.Na2 Nf6 7.e5 Nd5 8.Bxc4 e6 9.Nf3 a5
10.O-O Be7 11.Be3 O-O 12.Nc1 Bb7 13.Nb3 Nxe3 14.fxe3 Nd7 15.Bd3 c5 16.Rc1 cxd4
17.exd4 Nb6 18.Bb5 Nd5 19.Nc5 Bxc5 20.dxc5 Rc8 21.Qd3 Qe7 22.c6 Ba8 23.Qd4 Rc7
24.Rc5 Rd8 25.Rd1 Rcc8 26.Qc4 Ne3 27.Rxd8+ Rxd8 28.c7 Nxc4 29.c8=Q Nxb2 30.Qc7 Qxc7
31.Rxc7 h6 32.Ra7 b3 33.Nd4 Rxd4 34.Rxa8+ Kh7 35.Rxa5 Nd1  0-1

[Event "11th Aeroflot Open B"]
[Site "Moscow RUS"]
[Date "2012.02.12"]
[Round "6"]
[White "Tonoian,A"]
[Black "Gagare,Shar"]
[Result "0-1"]
[WhiteElo "2374"]
[BlackElo "2268"]

1.d4 d5 2.c4 dxc4 3.e4 Nf6 4.e5 Nd5 5.Bxc4 Nb6 6.Bb3 Nc6 7.Ne2 Bf5 8.Nbc3 e6
9.a3 Qd7 10.O-O O-O-O 11.Be3 f6 12.exf6 gxf6 13.Ng3 Nxd4 14.Bxd4 Qxd4 15.Nxf5 exf5
16.Nb5 Qxd1 17.Rfxd1 Bc5 18.Rxd8+ Rxd8 19.Rc1 Bd6 20.Be6+ Kb8 21.Nxd6 Rxd6
22.Bxf5 h6 23.g3 a5 24.b3 a4 25.bxa4 Rd4 26.Re1 c5 27.Re8+ Ka7 28.Rh8 Rd5
29.Bc2 Rd2 30.Bf5 Rd5 31.Bc2 Rd2 32.a5 Nc4 33.Bg6 Ne5 34.Rxh6 c4 35.Bh7 c3
36.Rxf6 Nd3 37.Bxd3 Rxd3 38.Rf4 c2 39.Rc4 Rd1+ 40.Kg2 c1=Q 41.Rxc1 Rxc1 42.h4 Kb8
43.Kf3 Kc7 44.Kg4 Kd6 45.Kg5 Ke7 46.f4 Kf7 47.g4 Kg7 48.f5 Rc4 49.h5 Rc6
50.Kh4 Rf6  0-1

[Event "11th Aeroflot Open B"]
[Site "Moscow RUS"]
[Date "2012.02.13"]
[Round "7"]
[White "Gavrilov,Al1"]
[Black "Stukopin,A"]
[Result "0-1"]
[WhiteElo "2498"]
[BlackElo "2460"]

1.d4 d5 2.c4 dxc4 3.e4 e5 4.Nf3 Bb4+ 5.Bd2 Bxd2+ 6.Qxd2 exd4 7.Nxd4 Ne7 8.Bxc4 O-O
9.Nc3 a6 10.a4 Nbc6 11.O-O-O Qe8 12.Rhe1 Nxd4 13.Qxd4 Nc6 14.Qc5 b6 15.Qh5 Na5
16.Bd3 Be6 17.e5 f5 18.Qxe8 Rfxe8 19.f4 Red8 20.Bf1 Nb3+ 21.Kc2 Nd4+ 22.Kb1 Bb3
23.Rd2 g6 24.Re3 Ne6 25.Rxd8+ Rxd8 26.g3 Nc5 27.Re1 Rd2 28.Re2 Rd4 29.Re1 Kf8
30.a5 b5 31.Rc1 Ne6 32.Bg2 Rd2 33.Bc6 Nc5 34.Ka1 Nd3 35.Rg1 Nb4 36.Rg2 Rd3
37.Bb7 c6 38.g4 Rd7 39.Bc8 Rd8 40.gxf5 Rxc8 41.fxg6 hxg6 42.Rxg6 Rd8 43.Rg1 Bc2
44.h4 Rd4 45.Rf1 Nd3 46.f5 b4 47.Ne2 Rd8  0-1

[Event "11th Aeroflot Open B"]
[Site "Moscow RUS"]
[Date "2012.02.13"]
[Round "7"]
[White "Romanko,M"]
[Black "Karpatchev,A"]
[Result "1-0"]
[WhiteElo "2389"]
[BlackElo "2466"]

1.d4 d5 2.c4 dxc4 3.e4 Nc6 4.Nf3 Bg4 5.d5 Ne5 6.Bf4 Ng6 7.Be3 Nf6 8.Nc3 e5
9.Bxc4 Nh4 10.O-O Nxf3+ 11.gxf3 Bh3 12.Re1 Bd6 13.Kh1 h6 14.f4 Ng4 15.Qf3 Qh4
16.Qg3 Qxg3 17.hxg3 a6 18.f5 Nxe3 19.Rxe3 Bc5 20.Re2 Bg4 21.Rc2 Bf3+ 22.Kg1 g6
23.Be2 Bxe2 24.Nxe2 Bd6 25.fxg6 fxg6 26.Nc1 h5 27.Nd3 h4 28.f4 hxg3 29.fxe5 Be7
30.Rxc7 Bd8 31.Rac1 Rh2 32.Nf4 Bg5 33.Rf1 Rxb2 34.d6 Rd8 35.Rg7 Rd7 36.Rxg6 Bd8
37.Nd5 Rh7 38.e6 Rh8 39.d7+  1-0

[Event "11th Aeroflot Open B"]
[Site "Moscow RUS"]
[Date "2012.02.14"]
[Round "8"]
[White "Dobrov,V"]
[Black "Stukopin,A"]
[Result "1/2-1/2"]
[WhiteElo "2496"]
[BlackElo "2460"]

1.d4 d5 2.c4 dxc4 3.e4 e5 4.Nf3 Bb4+ 5.Nc3 exd4 6.Nxd4 Ne7 7.Bf4 Bxc3+ 8.bxc3 Ng6
9.Bg3 Qe7 10.Bxc4 Qxe4+ 11.Qe2 Qxe2+ 12.Bxe2 O-O 13.Bxc7 Nc6 14.Nxc6 bxc6
15.O-O-O Be6 16.Bf3 Bxa2 17.Bd6 Rfc8 18.Kb2 Be6 19.Rd4 Nf8 20.c4 Nd7 21.Ra1 Nb6
22.c5 Nc4+ 23.Kc3 Nxd6 24.Rxd6 a5 25.Rb1 Bd5 26.Bxd5 cxd5 27.Rxd5 Ra7 28.Rb5 a4
29.Kb2 a3+ 30.Ka2 Ra4 31.Rd1 Kf8 32.Rc1 Rc7 33.Kb3 Ra6 34.Re1 g6 35.Re2 Rca7
36.Ka2 Ra4 37.Rb8+ Kg7 38.Rc2 Rc7 39.Rb6 Kf8 40.Rb5 Ke7 41.Rc3 h5 42.h3 Ke6
43.Rb1 Ra5 44.Re1+ Kd5 45.Rd1+ Ke5 46.c6 Rd5 47.Rdc1 Ra5 48.Rd3 Ra6 49.Rdc3 Kd6
50.Rd1+ Ke6 51.Rdc1 Kd6 52.Rd3+ Ke6 53.Re3+ Kd5 54.Rd3+ Ke6 55.Re3+ Kd5  1/2-1/2

[Event "72nd Noteboomturnier Open A"]
[Site "Leiden NED"]
[Date "2012.02.18"]
[Round "3.2"]
[White "Van Ketel,R"]
[Black "Guliyev,N"]
[Result "1-0"]
[WhiteElo "2275"]
[BlackElo "2545"]

1.d4 d5 2.c4 dxc4 3.e4 b5 4.a4 c6 5.Nc3 b4 6.Nce2 Nf6 7.Ng3 Ba6 8.Nf3 e6
9.Bg5 Qa5 10.Be2 Nbd7 11.O-O Be7 12.Qc1 Nb6 13.Ne5 Rc8 14.Rd1 O-O 15.Nh5 c3
16.Bxa6 cxb2 17.Qxb2 Qxa6 18.a5 Na8 19.Bxf6 gxf6 20.Qc1 Qe2 21.Qh6 Qxh5 22.Qxh5 fxe5
23.Qxe5 Nc7 24.Rac1 f6 25.Qg3+ Kf7 26.Qh3 Nb5 27.Qxh7+ Ke8 28.Qh5+ Kd7 29.d5 cxd5
30.exd5 Rxc1 31.dxe6+ Kc7 32.Rxc1+ Nc3 33.Qf3 Rb8 34.h4 Rb5 35.Qd3 Rxa5 36.Qd7+ Kb6
37.Qxe7 Ne2+ 38.Kh2 Nxc1 39.Qxb4+ Rb5 40.Qxb5+ Kxb5 41.e7  1-0

[Event "US Amateur Team-ch East"]
[Site "Parsippany USA"]
[Date "2012.02.19"]
[Round "3"]
[White "Kekelidze,M"]
[Black "McHugh,Edward F"]
[Result "0-1"]
[WhiteElo "2458"]
[BlackElo "2164"]

1.d4 d5 2.c4 dxc4 3.e4 Nc6 4.d5 Ne5 5.Bf4 Ng6 6.Be3 Nf6 7.Nc3 e6 8.Bxc4 exd5
9.Bxd5 Nxd5 10.Qxd5 Qxd5 11.Nxd5 Bd6 12.O-O-O O-O 13.f4 f6 14.Nf3 Re8 15.f5 Ne7
16.Nxe7+ Rxe7 17.e5 fxe5 18.g4 Bd7 19.h3 Bc6 20.Rhf1 Bb5 21.Rf2 e4 22.Nd4 Bd3
23.Ne6 Bc4 24.Nd4 a5 25.g5 Re5 26.f6 Bc5 27.fxg7 Rd8 28.Rc2 b5 29.Rcd2 Bd3
30.Nc2 Bxe3 31.Nxe3 Rc5+ 32.Rc2 Rxg5 33.Rxc7 Rxg7 34.Rxg7+ Kxg7 35.Rg1+ Kf6
36.h4 Rd7 37.Rg5 Rg7 38.Rc5 Rg3 39.Kd2 Rh3 40.h5 Rh2+ 41.Kc3 Re2 42.Nd5+ Kg7
43.Kd4 Rc2 44.Rxc2 Bxc2 45.b4 axb4 46.Nxb4 Bb1 47.Na6 Kh6 48.Nc5 Kxh5 49.a4 bxa4
50.Nxa4 Kg4 51.Ke3 Kg3 52.Nc3 Bd3 53.Nd5 h5 54.Nf6 h4 55.Nh5+ Kg4 56.Nf6+ Kg5
57.Nd5 Ba6 58.Kf2 Bb7 59.Ne3 Bc8 60.Nf1 Kf4 61.Ne3 Bh3 62.Nc4 Bg4 63.Ne3 Bf3
64.Nd5+ Kf5 65.Nb6 Ke5 66.Nc4+ Kd4 67.Ne3 Kd3 68.Nd5 Kd2 69.Nf4 Bg4 70.Ng2 h3
71.Ne3 Be2 72.Nd5 Ba6 73.Kg3 Bc8 74.Kf2 Bd7 75.Ne3 Bb5 76.Nf5 Be2 77.Kg3 Bf1
78.Kf2 h2 79.Ng3 e3+ 80.Kxf1 e2+ 81.Nxe2 h1=Q+ 82.Ng1 Ke3  0-1

[Event "ch-POL w 2012"]
[Site "Warsaw POL"]
[Date "2012.02.21"]
[Round "4"]
[White "Rajlich,I"]
[Black "Kulon,K"]
[Result "1-0"]
[WhiteElo "2428"]
[BlackElo "2238"]

1.d4 d5 2.c4 dxc4 3.e4 Nc6 4.d5 Ne5 5.Nf3 Bg4 6.Nbd2 Nf6 7.Nxc4 Nxc4 8.Bxc4 Nxe4
9.Qd4 Nf6 10.Ne5 Bd7 11.O-O b5 12.Bb3 a5 13.a3 a4 14.Ba2 Ra6 15.Re1 Rd6 16.Bg5 Qa8
17.Rad1 h6 18.Bxf6 gxf6 19.Nxd7 Rxd7 20.Qxf6 Rg8 21.g3 Rg6 22.Qf5 Rf6  1-0

[Event "10th Nancy GMA 2012"]
[Site "Nancy FRA"]
[Date "2012.02.23"]
[Round "4"]
[White "David,Alb"]
[Black "Edouard,R"]
[Result "1/2-1/2"]
[WhiteElo "2598"]
[BlackElo "2616"]

1.d4 d5 2.c4 dxc4 3.e4 e5 4.Nf3 exd4 5.Bxc4 Nc6 6.O-O Be6 7.Nbd2 Qf6 8.Bb5 Ne7
9.Nb3 Bg4 10.Qxd4 Qxd4 11.Nbxd4 Bd7 12.Bf4 Nxd4 13.Bxd7+ Kxd7 14.Nxd4 c5
15.Nb5 Ng6 16.Bg3 Kc6 17.a4 Be7 18.Rfc1 b6 19.b4 Rhc8 20.bxc5 Bxc5 21.Nd6 Rf8
22.Nf5 Rfe8 23.Re1 Rg8 24.Rec1 Rge8 25.Re1 Rg8 26.Rec1 Rge8  1/2-1/2

[Event "TCh-AUT 2 Mitte 2011-12"]
[Site "St. Veit AUT"]
[Date "2012.03.03"]
[Round "8"]
[White "Freitag,Ma"]
[Black "Stevic,H"]
[Result "0-1"]
[WhiteElo "2380"]
[BlackElo "2621"]

1.d4 d5 2.c4 dxc4 3.e4 Nc6 4.Nf3 Bg4 5.d5 Ne5 6.Bf4 Ng6 7.Be3 Nf6 8.Nc3 e5
9.Bxc4 Nh4 10.Bb5+ Nd7 11.Rg1 Bd6 12.Bg5 Nxf3+ 13.gxf3 Qxg5 14.Rxg4 Qf6 15.Qa4 Rd8
16.Qxa7 Qxf3 17.Bxd7+ Rxd7 18.Rg1 b6 19.Qa8+ Rd8 20.Qa4+ Kf8 21.Qd1 Qf6 22.Rg3 Bc5
23.Qf3 Qe7 24.O-O-O Rd6 25.Rf1 g6 26.Qg2 Rf6 27.Ne2 Bxf2 28.Rf3 Rxf3 29.Qxf3 Bh4
30.Kb1 Kg7 31.Rc1 Qd7 32.Rc6 Bd8 33.Nc3 h5 34.h3 h4 35.Nb5 Rh5 36.Qc3 Rg5
37.a4 Kg8 38.d6 Rg1+ 39.Kc2 Bg5 40.Kb3 Rg3  0-1

[Event "83rd ch-GER 2012"]
[Site "Osterburg GER"]
[Date "2012.03.04"]
[Round "3"]
[White "Bluebaum,M"]
[Black "Huschenbeth,N"]
[Result "1/2-1/2"]
[WhiteElo "2407"]
[BlackElo "2509"]

1.d4 d5 2.c4 dxc4 3.e4 Nc6 4.Nf3 Bg4 5.d5 Ne5 6.Bf4 Ng6 7.Be3 b5 8.a4 a6
9.axb5 axb5 10.Nc3 Rb8 11.Qc2 e5 12.dxe6 Bxe6 13.Rd1 Qc8 14.Nd4 Bd7 15.Be2 Bb4
16.O-O Nf6 17.f4 O-O 18.Bc1 Bc5 19.Kh1 Re8 20.e5 Bxd4 21.Rxd4 Bf5 22.Qd1 c5
23.Rd6 Ne4 24.Nxe4 Bxe4 25.Bf3 Bd3 26.Be2 Be4 27.Bf3 Bd3 28.Be2 Bxe2 29.Qxe2 Nh4
30.Be3 Nf5 31.Rd5 Qc6 32.Rxc5 Qe4 33.Re1 Red8 34.Bg1 Qxe2 35.Rxe2 Rd1 36.e6 fxe6
37.Rxe6 g6 38.Rc7 Ra8 39.g3 Kf8 40.Kg2 Rd2+ 41.Kf3 Kg8 42.g4 Rd3+ 43.Ke2 Nd6
44.Rd7 Ra2 45.Rexd6 Rxb2+ 46.Ke1 Rb1+ 47.Kf2 Rxd6 48.Rxd6 c3 49.Rc6 b4 50.Kg2 Rc1
51.Bd4 b3 52.Rxc3 b2 53.Rb3 b1=Q 54.Rxb1 Rxb1 55.Kf3 Rb3+ 56.Be3 Kf7 57.f5 gxf5
58.gxf5 Kf6 59.Ke4 Rb4+ 60.Bd4+ Kf7 61.Ke3 Rb3+ 62.Ke4 Rb1 63.Kf3 h5 64.Be5 Rf1+
65.Ke4 Ke7 66.Bd4 Kd7 67.Bf6 Rf2 68.h4 Kd6 69.Bg5 Re2+ 70.Kd4 Re1 71.Bf4+ Kc6
72.Bg5 Re2 73.Kd3 Re5 74.f6 Kd7 75.Kd4 Ke6 76.Bf4 Rd5+ 77.Ke4 Rf5 78.Bg5 Rf1
79.Ke3 Kd5 80.Bf4 Ke6 81.Bg5 Ke5 82.Ke2 Rf5 83.Ke3 Kd5 84.Kd3 Rf3+ 85.Ke2 Ke4
86.Kd2 Rh3 87.Bh6 Rf3 88.Bg5 Rf2+ 89.Ke1 Kf3 90.Bh6 Kg2 91.Bg5 Kf3 92.Bh6 Kg3
93.Bg5 Kg2 94.f7 Rxf7 95.Ke2 Rf3 96.Be7 Rb3 97.Bf6 Kg3 98.Bg5 Kg4 99.Bd8 Kf4
100.Bg5+ Ke4 101.Kf2 Rb2+ 102.Kg3 Rc2 103.Bd8 Rc8 104.Be7 Re8 105.Bf6 Rf8
106.Bg5 Rf7 107.Kg2 Rf3 108.Bh6 Rb3 109.Kf2 Ra3 110.Bg5 Ra4 111.Bh6 Ra2+
112.Kg3 Ra7 113.Kf2 Kd3 114.Bg5 Rf7+ 115.Ke1 Rf8 116.Bh6 Re8+ 117.Kf2 Re6
118.Bg5 Ke4 119.Bd8 Ra6 120.Bg5 Rb6 121.Kg2 Rc6 122.Kf2 Rc7 123.Bh6 Rf7+
124.Ke2 Rf3 125.Bg5 Rh3 126.Kf2 Rh2+ 127.Kg3 Ra2 128.Bh6 Ra4 129.Bg5 Kd3
130.Kf2 Ra1 131.Bh6 Ra2+ 132.Kf3 Ra4 133.Bg5 Rc4 134.Kf2 Ra4  1/2-1/2

[Event "83rd ch-GER 2012"]
[Site "Osterburg GER"]
[Date "2012.03.04"]
[Round "3"]
[White "Jorczik,J"]
[Black "Donchenko,Alexa"]
[Result "1/2-1/2"]
[WhiteElo "2391"]
[BlackElo "2309"]

1.d4 d5 2.c4 dxc4 3.e4 e5 4.Nf3 exd4 5.Bxc4 Bb4+ 6.Nbd2 Nc6 7.O-O Qf6 8.e5 Qg6
9.Nb3 Bg4 10.Bd3 Qh5 11.Be4 Nge7 12.a3 Ba5 13.Nxa5 Nxa5 14.Qa4+ Nac6 15.Nxd4 Bd7
16.Nxc6 Bxc6 17.Bxc6+ Nxc6 18.e6 fxe6 19.Qb3 Nd8 20.Bf4 Qf7 21.Bg5 O-O 22.Bxd8 Raxd8
23.Qxb7 c5 24.Qxf7+ Rxf7 25.Rac1 Rd2 26.Rxc5 Rxb2 27.Rc8+  1/2-1/2

[Event "TCh-AUT 2 Mitte 2011-12"]
[Site "St. Veit AUT"]
[Date "2012.03.04"]
[Round "9"]
[White "Pesorda,I"]
[Black "Wiesinger,R"]
[Result "1-0"]
[WhiteElo "2278"]
[BlackElo "2277"]

1.d4 d5 2.c4 dxc4 3.e4 Nc6 4.Nf3 Bg4 5.d5 Ne5 6.Nbd2 e6 7.Qa4+ Qd7 8.Qxd7+ Nxd7
9.dxe6 Bxe6 10.Nd4 Nb6 11.Nxe6 fxe6 12.Bxc4 Nxc4 13.Nxc4 Nf6 14.f3 Bc5 15.Bf4 O-O-O
16.Ke2 Rhf8 17.g3 Nd7 18.Rac1 Nb6 19.Na3 Bd6 20.Bxd6 Rxd6 21.Nb5 Rd7 22.Nxa7+ Kb8
23.Nb5 Rfd8 24.Rhd1 c6 25.Rxd7 Rxd7 26.Na3 Kc7 27.Rc3 Rd8 28.Nc4 Nxc4 29.Rxc4 Rd7
30.Rc2 Rf7 31.f4 e5 32.Kf3 exf4 33.gxf4 g6 34.Rd2 Rf8 35.h4 b5 36.b4 Ra8
37.e5 Rf8 38.Ke4 Re8 39.Kf3 Rf8 40.Kg4 Ra8 41.Kg5 Ra4 42.a3 Rxa3 43.Rd4 Rc3
44.e6  1-0

[Event "Reykjavik Open"]
[Site "Reykjavik ISL"]
[Date "2012.03.06"]
[Round "1.87"]
[White "Van Heirzeele,D"]
[Black "Kazmierczak,Ewa"]
[Result "1-0"]
[WhiteElo "2161"]
[BlackElo "1462"]

1.d4 d5 2.c4 dxc4 3.e4 Nf6 4.e5 Nd5 5.Bxc4 e6 6.Nf3 c5 7.O-O a6 8.a4 Nc6
9.Bg5 Be7 10.Bxd5 Qxd5 11.Nc3 Qd7 12.Bxe7 Qxe7 13.dxc5 Qxc5 14.Ne4 Qd5 15.Nd6+ Ke7
16.Qc1 Nxe5  1-0

[Event "Zagreb Open A"]
[Site "Zagreb CRO"]
[Date "2012.03.06"]
[Round "2.16"]
[White "Kuljasevic,D"]
[Black "Matko,O"]
[Result "1-0"]
[WhiteElo "2580"]
[BlackElo "2262"]

1.d4 d5 2.c4 dxc4 3.e4 Nf6 4.e5 Nd5 5.Bxc4 Nb6 6.Bd3 Nc6 7.Ne2 g6 8.h4 h6
9.Nbc3 Bg7 10.Be3 Be6 11.Nf4 Qd7 12.h5 g5 13.Nxe6 Qxe6 14.Qf3 Rd8 15.Rd1 Rxd4
16.Bxd4 Nxd4 17.Qxb7 Qxe5+ 18.Kf1 O-O 19.Re1 Qf4 20.Rxe7 Qc1+ 21.Re1 Qxb2
22.Nd5 Qd2 23.Ne7+ Kh8 24.Qe4 f5 25.Ng6+ Kg8 26.Qe3 Qc3 27.Rc1 Qb2 28.Nxf8 f4
29.Qe1 Kxf8 30.Rxc7 Nd5 31.Rc8+ Kf7 32.Qe8+  1-0

[Event "83rd ch-GER 2012"]
[Site "Osterburg GER"]
[Date "2012.03.10"]
[Round "9"]
[White "Bluebaum,M"]
[Black "Donchenko,Alexa"]
[Result "1/2-1/2"]
[WhiteElo "2407"]
[BlackElo "2309"]

1.d4 d5 2.c4 dxc4 3.e4 Nf6 4.e5 Nd5 5.Bxc4 Nb6 6.Bb3 Nc6 7.Ne2 Bf5 8.Nbc3 e6
9.Be3 Qd7 10.O-O O-O-O 11.Rc1 Kb8 12.Na4 Be7 13.Nc5 Bxc5 14.Rxc5 Ne7 15.Ng3 Bg6
16.Qf3 Ned5 17.Ne4 f6 18.exf6 Bxe4 19.Qxe4 gxf6 20.Rfc1 h5  1/2-1/2